=LDR 00000nam 2200000 4500 =001 INLIS000000000019056 =005 20200504095715 =035 ##$$a 0010-061300000019056 =008 200504###########################0###### =041 ##$$a Ind =082 ##$$a 2x0.02 =090 ##$$a 2x0.02, Mut p =100 ##$$a Muthahari, Murthada =245 1#$$a Pandangan dunia tauhid, Murtadha Muthahhari ; penerjemah, Agus Effendi =260 ##$$a 1993 :$b Bandung =300 ##$$a 127 hlm, 18 cm =650 #4$$a Aqaid =850 ##$$a NBPNMAT =990 ##$$a 99.577/Pro.96 =990 ##$$a 99.578/Pro.96